000 00341nam a22001337a 4500
008 171201b xxu||||| |||| 00| 0 eng d
020 _a9780133274615
041 _aeng
080 _a62
100 _a26
101 _aele
245 _aFUNDAMENTALS OF COMPLEX ANALYSIS FOR MATHEMATICS, SCIENCE AND ENGINEERING
_cSAFF, E.B
942 _2udc
_cBK
999 _c38687
_d38687